00478nam a2200121Ia 4500008004100000020002200041100002700063245014300090260004200233300004500275650001600320650002000336200902s9999 xx 000 0 und d a978-621-406-241-6 aSan Luis, Rosemarie R. cRosemarie R. San Luis, Estrellita S. Glodo, Jollie Joey B. Flora.--aWorktext in basic and advanced keyboarding and documents processing / aManila :bMindshapers Co., Inc.c2019 ax , 142 pages :billustrations ;c25 cm. aKeyboarding aWord processing